00640nam a2200109Ia 4500008004100000245006300041300027500104650000900379856005100388999001900439952007200458170517s9999 xx 000 0 und d aCoSM the Movie: Alex Grey and the Chapel of Sacred Mirrors aCoSM The Movie is a magical new kind of documentary experience, leading audiences on an enriching and sense-heightening journey into the visionary art cosmos of world-renowned painter Alex Grey. Grey is our guide on a cinematic pilgrimage through the Chapel of Sacred... xArt. uhttp://topdocumentaryfilms.com/cosm-the-movie/ c333124d333124 001040aCLbCLd2017-05-17l0r2017-05-17 00:00:00w2017-05-17yDF